අරුම පුදුම ඉස්කෝලෙට පුංචි අමුත්තෙක්
Saved in:
| Main Author: | |
|---|---|
| Format: | Book |
| Language: | Sinhalese |
| Published: |
පුංචි බොරැල්ල:
විජේසූරිය ග්රන්ථ කේන්ද්රය,
2020
|
| Subjects: | |
| Tags: |
Add Tag
No Tags, Be the first to tag this record!
|
MARC
| LEADER | 00000nam a22000007a 4500 | ||
|---|---|---|---|
| 008 | 200126b ||||| |||| 00| 0 sin d | ||
| 020 | |a 9789556912968 | ||
| 041 | |h sin | ||
| 082 | |a 891.483 |b සචර් | ||
| 100 | |a සචර්, ලුයිස් | ||
| 245 | |a අරුම පුදුම ඉස්කෝලෙට පුංචි අමුත්තෙක් | ||
| 246 | |a Aruma puduma Iskoleta Punchi Amuthtek | ||
| 260 | |a පුංචි බොරැල්ල: |b විජේසූරිය ග්රන්ථ කේන්ද්රය, |c 2020 | ||
| 300 | |a පි. 144; |c සෙ.මී. 21 | ||
| 650 | |a සිංහල සාහිත්යය | ||
| 700 | |e පරි | ||
| 999 | |c 12964 |d 12964 | ||